Pozitíva nižších úrokov zabrzdil mŕtvy kapitálový trh

Akciové indexy v USA rástli, podporili ich správy z korporátneho sektora, stále sa však čaká na oživenie trhu práce. Nedostatky nového systému vyrovnania obchodov so slovenskými cennými papiermi nedovolili investorom realizovať ich investičnú stratégiu. Pokles úrokov na peňažnom a swapovom trhu v...

Ausführliche Beschreibung

Gespeichert in:
Bibliographische Detailangaben
1. Verfasser: Világi, Peter
Format: Buchkapitel
Sprache:Slowakisch
Schlagworte:
Tags: Tag hinzufügen
Keine Tags, Fügen Sie das erste Tag hinzu!

MARC

LEADER 00000naa$a2200000$$$4500
001 0015811
005 20231004123721.0
041 0 |a slo 
044 |a SK 
245 1 0 |a Pozitíva nižších úrokov zabrzdil mŕtvy kapitálový trh  |c aut. Peter Világi 
520 |a Akciové indexy v USA rástli, podporili ich správy z korporátneho sektora, stále sa však čaká na oživenie trhu práce. Nedostatky nového systému vyrovnania obchodov so slovenskými cennými papiermi nedovolili investorom realizovať ich investičnú stratégiu. Pokles úrokov na peňažnom a swapovom trhu v súvislosti s výrazným posilňovaním kurzu koruny mal priaznivý vplyv na výkonnosť domácich peňažných a dlhopisových fondov. Priestor na zníženie úrokov. 
610 2 0 |a trh kapitálový 
610 2 0 |a indexy burzové 
610 2 0 |a úrok 
610 2 0 |a sadzby úrokové 
610 2 0 |a fondy peňažné 
610 2 0 |a fondy dlhopisové 
610 2 0 |a politika 
610 2 0 |a koruna 
610 2 0 |a kurz menový 
610 2 0 |a trh burzový 
610 2 0 |a Slovensko 
610 2 0 |a USA 
100 1 |a Világi, Peter